Statistics for WWE Royal Rumble 2017 Card

Click here to take the quiz!

General Stats

  • This quiz has been taken 107 times
  • The average score is 10 of 17

Answer Stats

Hint Answer % Correct
Match #2 LoserRoman Reigns
93%
Match #1 (RAW Women's Championship Match) WinnerCharlotte
90%
Match #2 (Universal Championship No DQ Match) WinnerKevin Owens
89%
Match #1 LoserBayley
83%
Match #5 (Royal Rumble) WinnerRandy Orton
80%
Match #1 Finishing MoveNatural Selection
70%
Match #4 (WWE Championship Match) WinnerJohn Cena
70%
Match #4 LoserAJ Styles
70%
Match #3 (Cruiserweight Championship Match) WinnerNeville
64%
Match #4 Finishing MoveAttitude Adjustment
60%
Match #3 LoserRich Swann
49%
Match #2 Finishing MoveRunning Powerslam
35%
Match #5 Finishing MoveClothesline
30%
Interlude Royal Rumble No. Pick Wrestler #1Sami Zayn
19%
Wrestler #2Dean Ambrose
17%
Match #3 Finishing MoveScissored Armbar
2%

Score Distribution

Percentile by Number Answered

Percent of People with Each Score

Your Score History

You have not taken this quiz